Education and economic and social development in Latin America /

Kaydedildi:
Detaylı Bibliyografya
Yazar: Jallade, Jean-Pierre
Materyal Türü: Metin
Etiketler: Etiketle
Etiket eklenmemiş, İlk siz ekleyin!

MARC

LEADER 00000 a a2200000 04500
001 45641
003
040 |a CRAI/IIS  |c CRAI/IIS 
100 |a Jallade, Jean-Pierre  
245 |a Education and economic and social development in Latin America /  |c Jean-Pierre Jallade  
773 |g páginas 59-80 : tablas  
999 |c 18332  |d 18332